Sgt. Pepper's Songs - Sudden Death - Statistics

General Stats
  • This quiz has been taken 60 times
  • The average score is 9 of 12
Answers on the Grid
Answers color-coded by a green-red scale on the quiz's grid according to % correct below.
Lucy in the Sky with Diamonds
Hey Jude
She's Leaving Home
Martha My Dear
Eleanor Rigby
Ob-La-Di, Ob-La-Da
Sgt. Pepper's Lonely Hearts Club Band
Being for the Benefit of Mr. Kite!
Come Together
Within You Without You
And Your Bird Can Sing
When I'm Sixty-Four
Getting Better
Strawberry Fields Forever
I Am the Walrus
Lovely Rita
Good Morning Good Morning
A Day in the Life
Maxwell's Silver Hammer
Fixing a Hole
All You Need Is Love
Hey Bulldog
With a Little Help From My Friends
Sexy Sadie
 
Answer Stats
Answer % Correct
Sgt. Pepper's Lonely Hearts Club Band
90%
Lucy in the Sky with Diamonds
86%
With a Little Help From My Friends
80%
Being for the Benefit of Mr. Kite!
76%
A Day in the Life
74%
Fixing a Hole
72%
When I'm Sixty-Four
72%
She's Leaving Home
70%
Getting Better
68%
Within You Without You
68%
Lovely Rita
64%
Good Morning Good Morning
62%
No matching quizzes found
Score Distribution
Percent of People with Each Score
Percentile by Number Answered
Your Score History
You have not taken this quiz